| 000 | 00562nam a2200169 i 4500 | ||
|---|---|---|---|
| 001 | 90205 | ||
| 003 | ES-MaACL | ||
| 005 | 20230906180359.0 | ||
| 007 | t| | ||
| 008 | 050119s1953 sp ||||1| spa d | ||
| 100 | 1 |
_aLederer, Francis L. _971138 |
|
| 245 | 1 | 0 |
_aEnfermedades del oído, naríz y garganta / _cpor Francis L. Lederer. |
| 250 | _a1ª ed. española traducida de la 5ª ed. inglesa. | ||
| 260 |
_aBarcelona, etc. : _bSalvat, _c1953 ( _fHispano-Americana) |
||
| 300 |
_aXIII, 1113 p., 13 lám. : _bil. ; _c26 cm. |
||
| 852 |
_aES-MaACL _jD-9020 _bR.34400 |
||
| 999 |
_c90205 _d90205 |
||